Vista normal
Vista MARC
Entrada Materia (personas)
Número de registros utilizados en: 1
001 - CONTROL NUMBER
- control field: 38945
003 - CONTROL NUMBER IDENTIFIER
- control field: Co-BoUCM
005 - DATE AND TIME OF LATEST TRANSACTION
- control field: 20130607111237.0
008 - FIXED-LENGTH DATA ELEMENTS
- fixed length control field: 130607|| aca||aabn | a|a d
040 ## - CATALOGING SOURCE
- Original cataloging agency: Co-BoUCM
- Transcribing agency: Co-BoUCM
100 ## - HEADING--PERSONAL NAME
- Personal name: Zerola, Tommaso
- Dates associated with a name: 1549-1603
670 ## - SOURCE DATA FOUND
- Source citation: Work cat.: (Co-BoUCM)70165: Zerola, Tommaso 1549-1603, Praxis episcopalis Prima pars in qua ultra ea quae ad sacris canonibus, sacroq. Concil. Trident. decisa sunt etiam quae per varias Bullas diversorum Summorum Pontificorum, ac Responsiones illustriss. Cardinalium Sacrae Congregationis ... continentur. Secunda pars in qua summa omnium Bullarum Summorum Roman. Pontificum, dilucidationum illustrissimorum S.R.E. Cardinalium ... et recentiorum decisionum ... laconice continentur., 1602